[Event "ROM-ch U12"]
[Site "Calimanesti Caciulata"]
[Date "2019.04.20"]
[Round "7"]
[White "Dragoi, Albert Marian"]
[Black "Radu, David Cr"]
[Result "0-1"]
[WhiteElo "1470"]
[BlackElo "1747"]
[PlyCount "44"]
[EventDate "2019.04.15"]
[EventType "swiss"]
[EventRounds "9"]
[EventCountry "ROU"]
[SourceTitle "CBM 190 Extra"]
[Source "ChessBase"]
[SourceDate "2019.07.15"]
[SourceVersion "1"]
[SourceVersionDate "2019.07.15"]
[SourceQuality "1"]

1. e4 c5 2. Nf3 d6 3. d4 cxd4 4. Nxd4 Nf6 5. Nc3 a6 6. Bg5 e6 7. f4 Qb6 8. Qd2 Qc7 9. 0-0-0 Bd7 10. f5 Be7 11. Be2 Nc6 12. h4 0-0-0 13. g4 d5 14. Nxc6 Bxc6 15. e5 d4 16. exf6 dxc3 17. Qxc3 gxf6 18. Bxf6 Bxf6 19. Qxf6 Bxh1 20. Rxh1 Qf4+ 21. Kb1 Qe4 22. Re1 Qxe2 0-1

[Event "ROM-ch U12"]
[Site "Calimanesti Caciulata"]
[Date "2019.04.18"]
[Round "5"]
[White "Botea, David Alexandru"]
[Black "Dragoi, Albert Marian"]
[Result "1/2-1/2"]
[WhiteElo "1740"]
[BlackElo "1470"]
[PlyCount "94"]
[EventDate "2019.04.15"]
[EventType "swiss"]
[EventRounds "9"]
[EventCountry "ROU"]
[SourceTitle "CBM 190 Extra"]
[Source "ChessBase"]
[SourceDate "2019.07.15"]
[SourceVersion "1"]
[SourceVersionDate "2019.07.15"]
[SourceQuality "1"]

1. e4 c5 2. Nf3 d6 3. d4 cxd4 4. Nxd4 Nf6 5. Nc3 a6 6. Be3 e5 7. Nb3 Be6 8. f3 Nbd7 9. Qd2 b5 10. a4 b4 11. Nd5 Bxd5 12. exd5 Be7 13. a5 0-0 14. Ra4 Nc5 15. Rxb4 e4 16. Be2 exf3 17. Bxf3 Nfd7 18. 0-0 Qc7 19. Ra1 Nxb3 20. Rxb3 Rab8 21. Raa3 Bf6 22. Rxb8 Rxb8 23. b4 Ne5 24. Bb6 Qc4 25. Be2 Qh4 26. Rh3 Qe4 27. Bxa6 Qg4 28. Be2 Qf5 29. g4 Nxg4 30. Bd3 Qe5 31. Bxh7+ Kf8 32. Bf5 Nh6 33. Bd7 Bg5 34. Qd3 Qe1+ 35. Kg2 Qxb4 36. Bb5 Qe1 37. Bf2 Qxa5 38. c4 Qa2 39. Qa3 Qxa3 40. Rxa3 Ke7 41. Ra6 Nf5 42. Ra7+ Kf6 43. Rd7 Re8 44. h4 Bf4 45. Kf3 Bd2 46. Rc7 Re7 47. Rc8 Be3 1/2-1/2

[Event "ROM-ch U10"]
[Site "Calimanesti"]
[Date "2018.04.02"]
[Round "8"]
[White "Dragoi, Albert Marian"]
[Black "Magold, Filip"]
[Result "0-1"]
[WhiteElo "1327"]
[BlackElo "1691"]
[PlyCount "54"]
[EventDate "2018.03.27"]
[EventType "swiss"]
[EventRounds "9"]
[EventCountry "ROU"]
[SourceTitle "CBM 183 Extra"]
[Source "ChessBase"]
[SourceDate "2018.04.19"]
[SourceVersion "1"]
[SourceVersionDate "2018.04.19"]
[SourceQuality "1"]

1. e4 c5 2. Nf3 d6 3. d4 cxd4 4. Nxd4 Nf6 5. Nc3 a6 6. Bd3 b5 7. 0-0 Bb7 8. f3 Nbd7 9. Be3 Rc8 10. Qe2 e6 11. Nb3 Be7 12. Nd1 0-0 13. a4 bxa4 14. Rxa4 d5 15. Nc3 Nb6 16. Bxb6 Qxb6+ 17. Kh1 dxe4 18. fxe4 Bb4 19. Na2 a5 20. Nxb4 axb4 21. Qe1 Rfd8 22. Rxb4 Qc7 23. Rc4 Qe5 24. Rb4 Ba8 25. Qc1 Rxd3 26. Qa1 Rdd8 27. Qa7 Bxe4 0-1

[Event "ROM-ch U10"]
[Site "Calimanesti"]
[Date "2018.03.31"]
[Round "6"]
[White "Dragoi, Albert Marian"]
[Black "Ciocani, Iosif"]
[Result "1-0"]
[WhiteElo "1327"]
[BlackElo "1471"]
[PlyCount "37"]
[EventDate "2018.03.27"]
[EventType "swiss"]
[EventRounds "9"]
[EventCountry "ROU"]
[SourceTitle "CBM 183 Extra"]
[Source "ChessBase"]
[SourceDate "2018.04.19"]
[SourceVersion "1"]
[SourceVersionDate "2018.04.19"]
[SourceQuality "1"]

1. d4 Nf6 2. c4 g6 3. Nc3 Bg7 4. e4 d6 5. Bf4 0-0 6. Nf3 Nbd7 7. Bd3 Re8 8. Qe2 e5 9. Bg5 h6 10. Bh4 exd4 11. Nxd4 g5 12. Bg3 Nxe4 13. Nxe4 Bxd4 14. Qf3 Qf6 15. Qe2 Qe6 16. 0-0 f5 17. Rfe1 fxe4 18. Bxe4 Nc5 19. Bd5 1-0

[Event "ROM-ch U10"]
[Site "Calimanesti"]
[Date "2018.03.28"]
[Round "2"]
[White "Dragoi, Albert Marian"]
[Black "Chiu, Vlad Stefan"]
[Result "1-0"]
[WhiteElo "1327"]
[BlackElo "1137"]
[PlyCount "79"]
[EventDate "2018.03.27"]
[EventType "swiss"]
[EventRounds "9"]
[EventCountry "ROU"]
[SourceTitle "CBM 183 Extra"]
[Source "ChessBase"]
[SourceDate "2018.04.19"]
[SourceVersion "1"]
[SourceVersionDate "2018.04.19"]
[SourceQuality "1"]

1. e4 c5 2. Nf3 e6 3. d4 cxd4 4. Nxd4 d6 5. Nc3 Nf6 6. Bg5 Be7 7. Be2 0-0 8. 0-0 b6 9. Ndb5 a6 10. Bxf6 Bxf6 11. Nxd6 Nd7 12. Qd2 Qc7 13. Nxc8 Rfxc8 14. f4 Rd8 15. Qe3 Be7 16. Qf3 e5 17. Nd5 Qd6 18. Nxe7+ Qxe7 19. f5 Qc5+ 20. Rf2 Nf6 21. Bd3 Rd7 22. Kf1 Qb4 23. Rb1 Rad8 24. g4 h6 25. h4 a5 26. g5 hxg5 27. hxg5 Nh7 28. Qh5 g6 29. fxg6 fxg6 30. Qxg6+ Rg7 31. Qe6+ Kh8 32. g6 Rf8 33. Rxf8+ Qxf8+ 34. Ke2 Qf3+ 35. Kxf3 Ng5+ 36. Kg4 Nxe6 37. Rh1+ Kg8 38. Bc4 Rc7 39. Bxe6+ Kf8 40. Rh8+ 1-0